LOW COST CARRIER NO FRILLS DISCOUNTS AND (Record no. 15960)
[ view plain ]
| 000 -LEADER | |
|---|---|
| fixed length control field | 00344nam a2200133Ia 4500 |
| 008 - FIXED-LENGTH DATA ELEMENTS--GENERAL INFORMATION | |
| fixed length control field | 240624s9999 xx 000 0 und d |
| 041 ## - LANGUAGE CODE | |
| Language code of text/sound track or separate title | eng |
| 082 ## - DEWEY DECIMAL CLASSIFICATION NUMBER | |
| Classification number | 387.71 MIL |
| 100 ## - MAIN ENTRY--PERSONAL NAME | |
| Personal name | MILLER FREDERIC P |
| 245 ## - TITLE STATEMENT | |
| Title | LOW COST CARRIER NO FRILLS DISCOUNTS AND |
| 260 ## - PUBLICATION, DISTRIBUTION, ETC. | |
| Date of publication, distribution, etc. | 2009 |
| Place of publication, distribution, etc. | Germany |
| Name of publisher, distributor, etc. | Alphascript Publishing |
| 300 ## - PHYSICAL DESCRIPTION | |
| Extent | 128 : p. |
| 365 ## - TRADE PRICE | |
| Currency code | RS |
| Withdrawn status | Lost status | Damaged status | Not for loan | Home library | Current library | Shelving location | Date acquired | Source of acquisition | Cost, normal purchase price | Total Checkouts | Full call number | Barcode | Date last seen | Date last checked out | Copy number | Price effective from | Koha item type |
|---|---|---|---|---|---|---|---|---|---|---|---|---|---|---|---|---|---|
| IMTN | IMTN | Rack 15-B | 11/22/2010 | FK | 3170.00 | 2 | 387.71 MIL | 15960 | 10/10/2024 | 10/07/2024 | 1 | 06/24/2024 | Books |